|
|
|
|
| LEADER |
00978pam a22002658a 4500 |
| 001 |
00038480 |
| 005 |
20171026081025.0 |
| 008 |
170516s1996 ||||||Viesd |
| 041 |
0 |
# |
|a Vie
|
| 082 |
1 |
4 |
|a 612
|b CH114S
|
| 100 |
1 |
# |
|a Phạm, Mai Chi
|
| 110 |
1 |
# |
|a Vụ giáo viên
|
| 245 |
1 |
0 |
|a Chăm sóc bảo vệ sức khỏe trẻ từ 0 - 6 tuổi
|b Tài liệu bồi dưỡng chuẩn hóa giáo viên đạt trình độ trung học sư phạm mầm non
|c Phạm Mai Chi, Lê Thị Ngọc Ái (biên soạn)
|
| 260 |
# |
# |
|a Hà Nội
|b Giáo dục
|c 1996
|
| 300 |
# |
# |
|a 203tr.
|
| 653 |
# |
# |
|a Bảo Vệ
|
| 653 |
# |
# |
|a Sức khỏe
|
| 653 |
# |
# |
|a Chăm sóc
|
| 700 |
1 |
# |
|a Lê, Thị Ngọc Ái
|
| 852 |
# |
# |
|b Kho mượn
|j KM.0022469
|
| 852 |
# |
# |
|b Kho đọc
|j KD.0021574
|
| 852 |
# |
# |
|j KD.0021574
|j KM.0022469
|
| 910 |
|
|
|d 16/05/2017
|
| 980 |
# |
# |
|a Trung tâm Học liệu Lê Vũ Hùng, Trường Đại học Đồng Tháp
|